000 00425nam a2200157Ia 4500
005 20250729165602.0
008 250729s1968 xx 000 0 und d
041 _aeng
082 _a030 WBC
100 _aRobert O Zeleny William Nault
_9227749
245 _aThe World Book Encyclopedia Vol-13(M)
260 _aChicago,London
_c1968
300 _a821p
650 _aEncyclopedia
_9227750
700 _aRao Digumurthi
_9227751
999 _c237754
_d237754